| 000 | 00620cam a2200205 4500 | ||
|---|---|---|---|
| 001 | J100298 | ||
| 008 | 000000n1999 000 0 eng u | ||
| 035 | _a(Sirsi) u100128 | ||
| 050 | _a333.33016 | ||
| 110 |
_aCluttons Daniel Smith _93567 |
||
| 245 | 4 | _aThe London residential investment index. - Summer 1999 | |
| 260 |
_aLondon _bCluttons Daniel Smith _c1999 |
||
| 300 | _a4p. ; 30cm. | ||
| 650 | _aLONDON RESIDENTIAL INVESTMENT INDEX | ||
| 650 | _aPROPERTY INDICES | ||
| 650 | _aPROPERTY INVESTMENT | ||
| 650 |
_aRESIDENTIAL PROPERTY _96266 |
||
| 690 | _aPROPERTY-PROPERTY FINANCE AND INVESTMENT | ||
| 942 | _n0 | ||
| 999 |
_c99610 _d99610 |
||